| 000 | 01069cam a2200313 a 4500 | ||
|---|---|---|---|
| 001 | 15500043 | ||
| 005 | 20131028140319.0 | ||
| 008 | 081027s2013 mauab |rb 001 0deng d | ||
| 010 | _a 2008047089 | ||
| 020 | _a0273765868 | ||
| 020 | _a9780273765868 | ||
| 035 | _a(OCoLC)ocn264671185 | ||
| 040 |
_aDLC _cDLC _dBTCTA _dYDXCP _dC#P _dBWX _dCDX _dDLC |
||
| 050 | 0 | 0 |
_aHD62.4 _b.G74 2010 |
| 082 | 0 | 0 |
_222 _a658.049 _bGRI |
| 100 | 1 |
_aGriffin, Ricky W. _eAuthor _922441 |
|
| 245 | 1 | 0 |
_aInternational Business / _cRicky W. Griffin, Michael W. Pustay. |
| 250 |
_a7th ed. _bGlobal ed. |
||
| 260 |
_aBoston : _bPearson, _c2013 |
||
| 300 |
_a598 p. : _bcol. ill., col. maps ; _c29 cm. |
||
| 504 | _aIncludes bibliographical references and indexes. | ||
| 541 | _aBacca ; | ||
| 650 | 0 |
_aInternational business enterprises _xManagement. _922442 |
|
| 653 |
_bBus _cOctober2013 |
||
| 655 |
_vreading book _934232 |
||
| 700 | 1 |
_aPustay, Michael W. _eAuthor _922443 |
|
| 856 |
_fMyManagementLab _uwww.pearsonglobaleditions.com/mymanagementlab |
||
| 942 |
_2ddc _cBB |
||
| 999 |
_c17694 _d17666 |
||